Fundamentální koncept nerovnosti v perspektivě paretovské ekonomie

Svetová ekonomická nerovnosť-empirický prístup podľa Giniho koeficientu. Fundamentálny koncept nerovnosti a neexistencia rovnováhy.

Salvato in:
Dettagli Bibliografici
Autore principale: Maialeh, Robin
Natura: Capitolo di libro
Lingua:ceco
Soggetti:
Tags: Aggiungi Tag
Nessun Tag, puoi essere il primo ad aggiungerne!!

MARC

LEADER 00000naa a2200000 4500
001 0226332
005 20221019163022.4
041 0 |a cze 
044 |a CZ 
245 1 0 |a Fundamentální koncept nerovnosti v perspektivě paretovské ekonomie  |c Robin Maialeh 
520 |a Svetová ekonomická nerovnosť-empirický prístup podľa Giniho koeficientu. Fundamentálny koncept nerovnosti a neexistencia rovnováhy. 
610 2 0 |a dejiny teórií ekonomických 
610 2 0 |a nerovnosť 
610 2 0 |a parita sily kúpnej 
610 2 0 |a produkt domáci hrubý 
610 2 0 |a mechanizmus trhový 
610 2 0 |a politika hospodárska 
100 1 |a Maialeh, Robin